| 000 | 00723nam a22002417a 4500 | ||
|---|---|---|---|
| 003 | BD-DhJNU | ||
| 005 | 20250903050835.0 | ||
| 008 | 250903b |||||||| |||| 00| 0 eng d | ||
| 020 | _a8185288607 | ||
| 020 | _a9788185288604 | ||
| 040 |
_aBD-DhJNU _bENG _cBD-DhJNU _dBD-DhJNU |
||
| 082 |
_223 _a909 WOR |
||
| 245 |
_aWorld civilizations : _btheir history and their culture / _cEdward Mcnall Burns ...[et al]. |
||
| 260 |
_aDelhi : _bGoyl Saab , _c1991. |
||
| 300 |
_axiv, 486p., xxxii : _bill. ; _c25 cm. |
||
| 490 | _vvol. A , C | ||
| 504 | _aIncludes index | ||
| 650 | _aCivilization - history | ||
| 700 | _aRalph, Philip Lee | ||
| 700 | _aLerner, Robert E. | ||
| 700 | _aMeacham, Standish | ||
| 942 |
_2ddc _cBK _n0 |
||
| 999 |
_c2069 _d2069 |
||